[Event "CZE-chT2F 2223"]
[Site "Czech Republic"]
[Date "2023.01.22"]
[Round "7"]
[White "Hronek, Martin"]
[Black "Keprt, Pavel"]
[Result "1/2-1/2"]
[WhiteElo "1957"]
[BlackElo "1917"]
[PlyCount "36"]
[EventDate "2022.10.16"]
[EventType "team-tourn"]
[EventRounds "11"]
[EventCountry "CZE"]
[SourceTitle "EXT 2024"]
[Source "ChessBase"]
[SourceDate "2023.10.10"]
[SourceVersion "1"]
[SourceVersionDate "2023.10.10"]
[SourceQuality "1"]
[WhiteTeam "Zlin"]
[BlackTeam "Dobra Sokol"]
[WhiteTeamCountry "CZE"]
[BlackTeamCountry "CZE"]

1. e4 d5 2. exd5 Qxd5 3. Nc3 Qa5 4. d4 Nf6 5. Nf3 Bg4 6. Bc4 e6 7. h3 Bh5 8. Qe2 c6 9. Bd2 Bb4 10. a3 0-0 11. 0-0 Bxc3 12. Bxc3 Qc7 13. Rfe1 Nd5 14. Bd2 Nd7 15. Bd3 N7f6 16. c4 Nf4 17. Qe3 Nxd3 18. Qxd3 Bg6 1/2-1/2

[Event "CZE-chT2E 2122"]
[Site "Czech Republic"]
[Date "2022.01.30"]
[Round "7.8"]
[White "Horsak, Jan"]
[Black "Hronek, Martin"]
[Result "1-0"]
[WhiteElo "2060"]
[BlackElo "1935"]
[PlyCount "80"]
[EventDate "2021.10.17"]
[EventType "team-tourn"]
[EventRounds "11"]
[EventCountry "CZE"]
[SourceTitle "EXT 2024"]
[Source "ChessBase"]
[SourceDate "2023.10.10"]
[SourceVersion "1"]
[SourceVersionDate "2023.10.10"]
[SourceQuality "1"]
[WhiteTeam "Stare Mesto II"]
[BlackTeam "Zlin"]
[WhiteTeamCountry "CZE"]
[BlackTeamCountry "CZE"]

1. c4 Nf6 2. g3 g6 3. Bg2 Bg7 4. Nf3 0-0 5. 0-0 d6 6. Nc3 Nc6 7. a3 a5 8. Rb1 e5 9. d3 h6 10. b4 Nd7 11. e3 f5 12. b5 Ne7 13. Bb2 g5 14. Nd2 Ng6 15. Nd5 Nf6 16. f4 Rb8 17. b6 c6 18. Nc7 Ne8 19. Nxe8 Qxe8 20. fxg5 hxg5 21. Qh5 Bf6 22. Bc3 a4 23. e4 f4 24. gxf4 Nxf4 25. Qxe8 Rxe8 26. Kh1 Kg7 27. Bf3 Nxd3 28. Rg1 Rh8 29. Rg2 Be6 30. Nf1 Bxc4 31. Ne3 Be6 32. Rd2 Nf4 33. Rxd6 Kf7 34. Ng4 Rh3 35. Bxe5 Bxe5 36. Nxe5+ Ke7 37. Rxc6 bxc6 38. Nxc6+ Kd6 39. Nxb8 Rh8 40. Na6 Bc8 1-0

[Event "CZE-chT2E 1920"]
[Site "Czech Republic"]
[Date "2020.06.27"]
[Round "10.6"]
[White "Hronek, Martin"]
[Black "Mlensky, Dalibor"]
[Result "0-1"]
[WhiteElo "1901"]
[BlackElo "2106"]
[PlyCount "68"]
[EventDate "2019.10.13"]
[EventType "team-tourn"]
[EventRounds "11"]
[EventCountry "CZE"]
[SourceTitle "EXT 2024"]
[Source "ChessBase"]
[SourceDate "2023.10.10"]
[SourceVersion "1"]
[SourceVersionDate "2023.10.10"]
[SourceQuality "1"]
[WhiteTeam "Zlin"]
[BlackTeam "Prusanky Podluzan"]
[WhiteTeamCountry "CZE"]
[BlackTeamCountry "CZE"]

1. e4 a6 2. d4 d5 3. exd5 Qxd5 4. Nc3 Qd6 5. Nf3 Nf6 6. h3 Bf5 7. Be3 e6 8. Qd2 Nc6 9. a3 Be7 10. Bc4 Ne4 11. Nxe4 Bxe4 12. Be2 Bf6 13. Rd1 0-0 14. 0-0 Rad8 15. c3 Bg6 16. Bg5 Bxg5 17. Qxg5 h6 18. Qe3 Rfe8 19. Ne5 Bf5 20. f4 Ne7 21. Bh5 g6 22. Be2 Nd5 23. Qf3 b5 24. g4 Bc2 25. Rd2 Bb3 26. f5 exf5 27. gxf5 g5 28. Qh5 Ne3 29. f6 Rxe5 30. Bd3 Re6 31. Rg2 Rxf6 32. Rxg5+ hxg5 33. Qxg5+ Rg6 34. Bxg6 Qxg6 0-1

[Event "CZE-chT2E 1819"]
[Site "Czech Republic"]
[Date "2019.02.10"]
[Round "8.6"]
[White "Babula, Vlastimil1111"]
[Black "Hronek, Martin"]
[Result "1-0"]
[WhiteElo "1865"]
[BlackElo "1885"]
[PlyCount "165"]
[EventDate "2018.10.14"]
[EventType "team-tourn"]
[EventRounds "11"]
[EventCountry "CZE"]
[SourceTitle "EXT 2022"]
[Source "ChessBase"]
[SourceDate "2021.10.06"]
[SourceVersion "1"]
[SourceVersionDate "2021.10.06"]
[SourceQuality "1"]
[WhiteTeam "Stare Mesto II"]
[BlackTeam "Zlin"]
[WhiteTeamCountry "CZE"]
[BlackTeamCountry "CZE"]

1. e4 c5 2. Nf3 d6 3. d4 cxd4 4. Nxd4 Nf6 5. Nc3 g6 6. Bc4 Bg7 7. Be3 Nc6 8. h3 0-0 9. Bb3 Bd7 10. 0-0 Rc8 11. Re1 a6 12. Qd2 b5 13. a3 Na5 14. Bh6 Nc4 15. Bxc4 Rxc4 16. Bxg7 Kxg7 17. Nd5 e6 18. Nxf6 Qxf6 19. c3 Bc6 20. a4 bxa4 21. Nxc6 Rxc6 22. Rxa4 Rb8 23. Rea1 Rcb6 24. R1a2 Qe5 25. f3 Qb5 26. Kh1 Qc6 27. Qd4+ Kg8 28. c4 Rb4 29. Rxa6 Qxc4 30. Qxd6 Qc1+ 31. Kh2 Qc8 32. Rc6 Qf8 33. Qe5 Qg7 34. Qc5 Qf8 35. Qc3 Rb3 36. Qc2 R3b7 37. Qc4 Qd8 38. Qc5 Qd7 39. Qc3 Qd8 40. Rc4 Qd7 41. Kg1 Qd1+ 42. Kf2 Qb3 43. Rc8+ Rxc8 44. Qxc8+ Kg7 45. Qc3+ Qxc3 46. bxc3 Rc7 47. Rc2 Kf6 48. Ke3 h5 49. Kf4 Ke7 50. c4 Kd6 51. c5+ Kc6 52. Ke5 Ra7 53. Kf6 Rd7 54. f4 Ra7 55. f5 exf5 56. exf5 gxf5 57. Kg5 Ra8 58. Kxh5 Rg8 59. g4 fxg4 60. hxg4 f6 61. Rf2 Rg5+ 62. Kh4 Rg6 63. Rf5 Rh6+ 64. Kg3 Rg6 65. Kf4 Rh6 66. Rh5 Rg6 67. Kf5 Rg8 68. Rh6 Kxc5 69. Rxf6 Kd5 70. g5 Re8 71. Kg6 Ke5 72. Rf1 Rg8+ 73. Kh6 Ke6 74. g6 Rh8+ 75. Kg7 Rh3 76. Kg8 Rg3 77. g7 Ke7 78. Rf7+ Ke8 79. Rf6 Ke7 80. Rf5 Rg1 81. Rh5 Rg2 82. Kh8 Kf7 83. Rh7 1-0

[Event "CZE-chT2E 1819"]
[Site "Czech Republic"]
[Date "2018.12.16"]
[Round "5.5"]
[White "Benes, Miroslav"]
[Black "Hronek, Martin"]
[Result "1-0"]
[WhiteElo "1976"]
[BlackElo "1885"]
[PlyCount "165"]
[EventDate "2018.10.14"]
[EventType "team-tourn"]
[EventRounds "11"]
[EventCountry "CZE"]
[SourceTitle "EXT 2022"]
[Source "ChessBase"]
[SourceDate "2021.10.06"]
[SourceVersion "1"]
[SourceVersionDate "2021.10.06"]
[SourceQuality "1"]
[WhiteTeam "Kromeriz Slavia II"]
[BlackTeam "Zlin"]
[WhiteTeamCountry "CZE"]
[BlackTeamCountry "CZE"]

1. d4 Nf6 2. c4 g6 3. Nc3 d5 4. Bg5 Ne4 5. Bf4 Nxc3 6. bxc3 Bg7 7. e3 0-0 8. Nf3 c5 9. Be2 Nc6 10. 0-0 cxd4 11. cxd4 b6 12. Qa4 Na5 13. cxd5 Qxd5 14. Ne5 Bb7 15. Bf3 Qe6 16. Bxb7 Nxb7 17. Rfc1 Nd6 18. Rc7 g5 19. Bg3 Nf5 20. Nf3 g4 21. Ne5 Rfc8 22. Rac1 Nxg3 23. hxg3 Bxe5 24. dxe5 Rxc7 25. Rxc7 a5 26. Rc6 Qf5 27. Qd4 b5 28. e4 Qg5 29. e6 fxe6 30. Rc5 Qh6 31. Qd1 Qg6 32. Rxb5 Qxe4 33. Rg5+ Kh8 34. Qa1+ e5 35. Rxe5 Qg6 36. Rxe7+ Kg8 37. Qe5 Rd8 38. Qxa5 Rd1+ 39. Re1 Qb1 40. Qg5+ Kh8 41. Qd8+ Rxd8 42. Rxb1 Ra8 43. Ra1 Ra3 44. Kf1 Kg7 45. Ke2 Kf6 46. Kd2 Ke5 47. Kc2 Kd4 48. Kb2 Ra5 49. Rc1 Rb5+ 50. Ka3 Ra5+ 51. Kb3 Rb5+ 52. Ka3 Ra5+ 53. Kb2 Rb5+ 54. Ka1 h5 55. Rb1 Re5 56. a3 Kc3 57. Rb2 Ra5 58. Ka2 Rf5 59. f4 gxf3 60. gxf3 Rg5 61. f4 Rd5 62. a4 Kc4 63. Rb3 Rd2+ 64. Ka3 Rd5 65. Rf3 Rf5 66. Re3 h4 67. gxh4 Rxf4 68. Rh3 Rf6 69. h5 Rh6 70. Rh4+ Kc5 71. Kb3 Rb6+ 72. Kc3 Rh6 73. Rc4+ Kb6 74. Rh4 Kc5 75. Kd3 Kd5 76. Rh1 Kc5 77. Ke4 Kb4 78. Kf5 Kxa4 79. Kg5 Rb6 80. h6 Rb5+ 81. Kf6 Rb6+ 82. Ke7 Rb7+ 83. Kd6 1-0

[Event "CZE-chT2E 1819"]
[Site "Czech Republic"]
[Date "2018.12.02"]
[Round "4.6"]
[White "Hrabal, Michal"]
[Black "Hronek, Martin"]
[Result "0-1"]
[WhiteElo "2067"]
[BlackElo "1885"]
[PlyCount "142"]
[EventDate "2018.10.14"]
[EventType "team-tourn"]
[EventRounds "11"]
[EventCountry "CZE"]
[SourceTitle "EXT 2022"]
[Source "ChessBase"]
[SourceDate "2021.10.06"]
[SourceVersion "1"]
[SourceVersionDate "2021.10.06"]
[SourceQuality "1"]
[WhiteTeam "Grygov"]
[BlackTeam "Zlin"]
[WhiteTeamCountry "CZE"]
[BlackTeamCountry "CZE"]

1. e4 c5 2. Nc3 Nc6 3. Bb5 Nd4 4. Bc4 g6 5. Nge2 Bg7 6. Nxd4 cxd4 7. Qf3 e6 8. Nb5 d6 9. Qa3 Bf8 10. Nxd4 Bd7 11. Qf3 Qc7 12. d3 Bg7 13. Ne2 Ne7 14. c3 0-0 15. Nf4 b5 16. Bb3 Bxc3+ 17. Kf1 Bg7 18. h4 h6 19. g4 Nc6 20. Bd1 Ne5 21. Qg3 b4 22. g5 h5 23. Bxh5 gxh5 24. Nxh5 Bb5 25. Nf4 Qc2 26. Rh3 Qd1+ 27. Kg2 Qg4 28. Qxg4 Nxg4 29. h5 Bd4 30. Rg3 Ne5 31. Be3 Bxe3 32. Rxe3 Rac8 33. Rg3 Rc2 34. d4 Nd7 35. g6 fxg6 36. Rxg6+ Kh7 37. Nh3 Rf6 38. Ng5+ Kh8 39. Rxf6 Nxf6 40. Rg1 Bc6 41. Kf3 Rxb2 42. h6 Bxe4+ 43. Nxe4 Nxe4 44. Kxe4 Rxf2 45. d5 exd5+ 46. Kxd5 Rxa2 47. Kc4 a5 48. Kb3 Ra3+ 49. Kb2 Rc3 50. Rg7 a4 51. Rb7 a3+ 52. Ka2 Rc2+ 53. Ka1 Rb2 54. Rb8+ Kh7 55. Rb7+ Kxh6 56. Rh7+ Kg5 57. Rh5+ Kf4 58. Rf5+ Ke4 59. Re5+ Kd3 60. Re3+ Kc4 61. Rc3+ Kb5 62. Rc5+ Ka4 63. Ra5+ Kb3 64. Rxa3+ Kc4 65. Rc3+ Kb5 66. Rd3 Rc2 67. Rxd6 Ka4 68. Rd3 Rc3 69. Rxc3 bxc3 70. Kb1 Kb3 71. Kc1 c2 0-1

[Event "Tatry op"]
[Site "Tatranske Zruby"]
[Date "2009.10.02"]
[Round "7"]
[White "Samokrutova, Olga"]
[Black "Hronek, Martin"]
[Result "1-0"]
[WhiteElo "2169"]
[BlackElo "1937"]
[PlyCount "53"]
[EventDate "2009.09.27"]
[EventType "swiss"]
[EventRounds "9"]
[EventCountry "SVK"]
[SourceTitle "EXT 2011"]
[Source "ChessBase"]
[SourceDate "2010.11.26"]
[SourceVersion "1"]
[SourceVersionDate "2010.11.26"]
[SourceQuality "1"]

1. e4 c5 2. Nf3 d6 3. d4 cxd4 4. Nxd4 Nf6 5. Nc3 a6 6. g3 e6 7. Bg2 Be7 8. 0-0 0-0 9. f4 Qc7 10. Be3 Nc6 11. h3 Bd7 12. Rf2 Rac8 13. Nce2 b5 14. c3 Na5 15. b3 Rfd8 16. Rc1 Be8 17. g4 Qb8 18. Ng3 b4 19. c4 Nb7 20. g5 Nd7 21. Qg4 Ndc5 22. Rd1 Bd7 23. Qf3 Na5 24. h4 Nc6 25. Nxc6 Bxc6 26. f5 Rf8 27. f6 1-0

[Event "Tatry op"]
[Site "Tatranske Zruby"]
[Date "2009.10.01"]
[Round "6"]
[White "Hronek, Martin"]
[Black "Mandak, Miroslav"]
[Result "0-1"]
[WhiteElo "1937"]
[BlackElo "2070"]
[PlyCount "38"]
[EventDate "2009.09.27"]
[EventType "swiss"]
[EventRounds "9"]
[EventCountry "SVK"]
[SourceTitle "EXT 2011"]
[Source "ChessBase"]
[SourceDate "2010.11.26"]
[SourceVersion "1"]
[SourceVersionDate "2010.11.26"]
[SourceQuality "1"]

1. e4 c6 2. d4 d5 3. e5 Bf5 4. Nc3 e6 5. g4 Bg6 6. Nge2 f6 7. Nf4 Bf7 8. exf6 gxf6 9. Qe2 Qe7 10. Nd3 Nd7 11. Bf4 0-0-0 12. 0-0-0 Bh6 13. Bxh6 Nxh6 14. f4 Rde8 15. Re1 Qd6 16. Na4 Bg6 17. Qd2 Nxg4 18. f5 Bxf5 19. h3 Be4 0-1